000 00474nam a2200169Ia 4500
008 231221s9999 xx 000 0 und d
041 _aEnglish
082 _a371.33 PAD;6
100 _aPadmaprasad, S P
245 0 _aInformation and communication technology in education
250 _a1st ed.
260 _c2004
_bSumukha
_aBangalore
300 _a96
500 _aTransfered to SSM School
650 _aInformation,communication,technology,education
942 _cED
999 _c206814
_d206814